000 00577nam a2200193Ia 4500
008 240729s9999 xx 000 0 und d
022 _a1600-5775
245 0 _aJournal of Synchrotron Radiation
260 _aUnited Kingdom
260 _bInternational Union of Crystallography
650 _a Chemistry
650 _a Crystallography
650 _a Nuclear and particle physics. Atomic energy. Radioactivity | Science
650 _a Physics
650 _aScience
856 _uhttps://doaj.org/toc/c849d6d89f2f4b50a37697056ee049b1
942 _2ddc
942 _cDOAJEJ
999 _c73028
_d73028
945 _a1
_bMadushi Gamage
_c1
_dMadushi Gamage